000 00848cab a2200217 4500
001 ABS37658
008 090401t1987 xxu||||| |||| 00| 0 eng d
035 _a(Sirsi) u5945
041 _aeng
100 _aSmith, C.
245 4 _aThe software, software approach to site noise
260 _c1987
350 _a0
490 _aSurveyor
_v(Public Works Weekly) 168(4946) 28 May 1987, 14-15
520 _aDescribes how using total station surveying equipment , an experimental computerised method has been developed for use with microcomputers to monitor the level of noise on building sites for complying with clause 109 of the Department of Transport specification, the new brown book .
650 _aBS 5228
650 _aCONTROL OF POLLUTION ACT 1974
690 _aBUILDING AND CONSTRUCTION-COMPUTERS
942 _n0
948 _c04/03/1997
999 _c3561
_d3561